The complete idiot's guide to looking and feeling younger
| Main Author: | |
|---|---|
| Other Authors: | |
| Format: | Book |
| Published: |
Indianapolis :
Aplha Books ,
2000
|
| Subjects: |
MARC
| LEADER | 00000cam a2200000 7i4500 | ||
|---|---|---|---|
| 001 | 0000018691 | ||
| 005 | 20080620.0 | ||
| 008 | 080610 | ||
| 020 | |a 0028639235 | ||
| 090 | 0 | 0 | |a 613.0434 |b BAT |
| 100 | 1 | |a Batson, Sallie | |
| 245 | 1 | 4 | |a The complete idiot's guide to looking and feeling younger |c Sallie Batson and Hattie |
| 260 | |a Indianapolis : |b Aplha Books , |c 2000 | ||
| 650 | 0 | |a Aging | |
| 650 | 0 | |a Beauty, Personal | |
| 650 | 0 | |a Health | |
| 650 | 0 | |a Longevity | |
| 700 | 1 | |a Hattie | |
| 999 | |a 0001015446 |b Book |c Adult Collection |e Perbadanan Perpustakaan Awam Johor | ||